Normal view
MARC view
- EXPERT SYSTEM-ACQUISITION EXPERT SYSTEM-COMPUTER SCIENCE
Entry Topical Term
001 - CONTROL NUMBER
- control field: 77418
003 - CONTROL NUMBER IDENTIFIER
- control field: NUST
005 - DATE AND TIME OF LATEST TRANSACTION
- control field: 20210628205908.0
008 - FIXED-LENGTH DATA ELEMENTS
- fixed length control field: 210628|| aca||aabn | a|a d
040 ## - CATALOGING SOURCE
- Original cataloging agency: NUST
- Transcribing agency: NUST
150 ## - HEADING--TOPICAL TERM
- Topical term or geographic name entry element: EXPERT SYSTEM-ACQUISITION EXPERT SYSTEM-COMPUTER SCIENCE
670 ## - SOURCE DATA FOUND
- Source citation: Work cat.: (NUST): Marcus, Sandra 77417, Automating knowledge acquistion for expert systems, 1988
